书目信息 |
| 题名: |
水力旋流器分离技术
|
|
| 作者: | 赵庆国 , 张明贤 编著 | |
| 分册: | ||
| 出版信息: | 北京 化学工业出版社 2003.08 |
|
| 页数: | 275页 | |
| 开本: | 26cm | |
| 丛书名: | ||
| 单 册: | ||
| 中图分类: | TD454 | |
| 科图分类: | ||
| 主题词: | 选矿机械 | |
| 电子资源: | ||
| ISBN: | 7-5025-4620-0 | |
| 000 | 00624nam0 2200205 45 | |
| 001 | 0432500064 | |
| 005 | 2004042809013952 | |
| 010 | @a7-5025-4620-0@dCNY 45.00 | |
| 100 | @a20040428d2003 km y0chiy0120 ea | |
| 101 | 0 | @achi |
| 102 | @aCN@b110000 | |
| 200 | 1 | @a水力旋流器分离技术@AShui Li Xuan Liu Qi Fen Li Ji Shu@f赵庆国,张明贤编著@Fzhao qing guo,zhang ming xian bian zhu |
| 210 | @a北京@c化学工业出版社@d2003.08 | |
| 215 | @a275页@d26cm | |
| 606 | 0 | @a选矿机械 |
| 690 | @aTD454@v3 | |
| 701 | 0 | @a赵庆国@Azhao qing guo@4编著 |
| 701 | 0 | @a张明贤@Azhang ming xian@4编著 |
| 801 | 0 | @aCN@bPFT@c20040428 |
| 905 | @dTD454@eZ312 | |
| 水力旋流器分离技术/赵庆国,张明贤编著.-北京:化学工业出版社,2003.08 |
| 275页;26cm |
| ISBN 7-5025-4620-0:CNY 45.00 |
| ● |
| 相关链接 |
|
|
|
正题名:水力旋流器分离技术
索取号:TD454/Z312
 
预约/预借
| 序号 | 登录号 | 条形码 | 馆藏地/架位号 | 状态 | 备注 |
| 1 | 391089 | 203910893 | 自科库501/501自科库 21排1列5层/ [索取号:TD454/Z312] | 在馆 | |
| 2 | 391090 | 203910900 | 自科库501/501自科库 21排1列5层/ [索取号:TD454/Z312] | 在馆 | |
| 3 | 391091 | 203910919 | 自科库501/501自科库 21排1列5层/ [索取号:TD454/Z312] | 在馆 |